00992nam a22002777a 45000010005000000030006000050050017000110080041000280200018000690400029000870500014001160820008001301000023001382450039001612600043002003000044002434900034002875050008003215200217003295210021005465210020005676500041005876500028006286500018006567000040006745163FISKH20241108113921.0241108b cb ||||| |||| 00| 0 eng d a9780312367688 aFISKHbengcFISKHdFISKH aPZ7.E2634 a485 aEdwards, Nicholas  aThe Rescue / cby Nicholas Edwards aNew York : bSquare Fish Book ;c2009. a216 pages : billustrations ;c20 cm .  aDog whisperer EwarsdsvBook 1 aZ  aEleven-year-old Emily's nightmares of drowning lead her to an injured dog near her family's coastal Maine home, and as she nurses him back to health, she becomes aware that they have a strange psychic connection.8 a900 bLexile 8 aZ bRaz-Plus  aHuman-animal communication vFiction aAnimals-resue vFiction aDog vFiction aGrazrdlo , Barbara eBook designer